<?xml version="1.0" encoding="UTF-8"?>
<record
    xmlns:xsi="http://www.w3.org/2001/XMLSchema-instance"
    xsi:schemaLocation="http://www.loc.gov/MARC21/slim http://www.loc.gov/standards/marcxml/schema/MARC21slim.xsd"
    xmlns="http://www.loc.gov/MARC21/slim">

  <leader>01686nam a2200241 a 4500</leader>
  <controlfield tag="001">000028504</controlfield>
  <controlfield tag="005">20240315110841.0</controlfield>
  <controlfield tag="008">110408s2004    dr            001 0 spa d</controlfield>
  <datafield tag="040" ind1=" " ind2=" ">
    <subfield code="a">DO-SdBNP</subfield>
    <subfield code="b">spa</subfield>
    <subfield code="c">BNPHU</subfield>
  </datafield>
  <datafield tag="082" ind1=" " ind2=" ">
    <subfield code="a">346.729307</subfield>
    <subfield code="b">R426r</subfield>
  </datafield>
  <datafield tag="110" ind1="1" ind2=" ">
    <subfield code="a">Rep&#xFA;blica Dominicana</subfield>
    <subfield code="9">447</subfield>
  </datafield>
  <datafield tag="240" ind1="1" ind2="2">
    <subfield code="a">[Leyes, etc.]</subfield>
  </datafield>
  <datafield tag="245" ind1="1" ind2="0">
    <subfield code="a">Recopilaci&#xF3;n legislativa en materia comercial /</subfield>
    <subfield code="c">compiladores Juan A. Biaggi Lama y Samuel Arias Arceno.</subfield>
  </datafield>
  <datafield tag="260" ind1=" " ind2=" ">
    <subfield code="a">Santo Domingo :</subfield>
    <subfield code="b">Suprema Corte de Justicia,</subfield>
    <subfield code="c">2004.</subfield>
  </datafield>
  <datafield tag="300" ind1=" " ind2=" ">
    <subfield code="a">3 v. ;</subfield>
    <subfield code="c">27 cm.</subfield>
  </datafield>
  <datafield tag="505" ind1="0" ind2=" ">
    <subfield code="t">C&#xF3;digo de comercio de la Rep&#xFA;blica Dominicana --</subfield>
    <subfield code="t">Ley 189-01 que modifica varios art&#xED;culos del C&#xF3;digo Civil Dominicano --</subfield>
    <subfield code="t">Tratados internacionales --</subfield>
    <subfield code="t">Navegacion Mar&#xED;tima --</subfield>
    <subfield code="t">Materia de prueba --</subfield>
    <subfield code="t">Derecho de autor --</subfield>
    <subfield code="t">Transporte a&#xE9;reo --</subfield>
    <subfield code="t">Arbitraje --</subfield>
    <subfield code="t">Almacenes generales de dep&#xF3;sito y otras disposiciones relacionadas con actividad bancaria --</subfield>
    <subfield code="t">Venta condicional de inmuebles --</subfield>
    <subfield code="t">Ventas acumulativas --</subfield>
    <subfield code="t">Comercio controlado --</subfield>
    <subfield code="t">Inquilinato --</subfield>
    <subfield code="t">Explosivos --</subfield>
    <subfield code="t">Gasolina --</subfield>
    <subfield code="t">Salud p&#xFA;blica --</subfield>
    <subfield code="t">Inversi&#xF3;n extranjera --</subfield>
    <subfield code="t">C&#xE1;mara de comercio --</subfield>
    <subfield code="t">Miner&#xED;a --</subfield>
    <subfield code="t">Propiedad intelectual --</subfield>
    <subfield code="t">Aeron&#xE1;utica civil --</subfield>
    <subfield code="t">Electricidad --</subfield>
    <subfield code="t">Espect&#xE1;culos p&#xFA;blicos --</subfield>
    <subfield code="t">Competencia desleal --</subfield>
    <subfield code="t">Seguro y fianzas --</subfield>
    <subfield code="t">Sobre seguridad social --</subfield>
    <subfield code="t">Zonas francas.</subfield>
  </datafield>
  <datafield tag="590" ind1=" " ind2=" ">
    <subfield code="a">Inventariado, 2018/LP</subfield>
  </datafield>
  <datafield tag="650" ind1=" " ind2="4">
    <subfield code="a">Derecho comercial</subfield>
    <subfield code="x">Legislaci&#xF3;n</subfield>
    <subfield code="z">Rep&#xFA;blica Dominicana</subfield>
    <subfield code="x">Recopilaciones, repertorios, etc.</subfield>
    <subfield code="9">55471</subfield>
  </datafield>
  <datafield tag="650" ind1=" " ind2="4">
    <subfield code="a">Leyes</subfield>
    <subfield code="z">Rep&#xFA;blica Dominicana</subfield>
    <subfield code="x">Recopilaciones, repertorios, etc.</subfield>
    <subfield code="9">55472</subfield>
  </datafield>
  <datafield tag="700" ind1="1" ind2="2">
    <subfield code="a">Biaggi Lama, Juan A.</subfield>
    <subfield code="d">1951-2023</subfield>
    <subfield code="e">comp.</subfield>
    <subfield code="9">76550</subfield>
  </datafield>
  <datafield tag="700" ind1="1" ind2="2">
    <subfield code="a">Arias Arceno, Samuel,</subfield>
    <subfield code="e">comp.</subfield>
    <subfield code="9">55473</subfield>
  </datafield>
  <datafield tag="910" ind1=" " ind2=" ">
    <subfield code="a">Validado. Control de calidad EMS.</subfield>
  </datafield>
  <datafield tag="952" ind1=" " ind2=" ">
    <subfield code="0">0</subfield>
    <subfield code="1">0</subfield>
    <subfield code="7">1</subfield>
    <subfield code="8">PD</subfield>
    <subfield code="a">PD</subfield>
    <subfield code="b">PD</subfield>
    <subfield code="c">HD</subfield>
    <subfield code="d">2011-04-08</subfield>
    <subfield code="i">LF1</subfield>
    <subfield code="l">0</subfield>
    <subfield code="o">346.729307 R426r | v. 1</subfield>
    <subfield code="p">28504-10</subfield>
    <subfield code="r">2020-06-25</subfield>
    <subfield code="w">2020-06-25</subfield>
    <subfield code="y">LFPD</subfield>
    <subfield code="Z">No se presta</subfield>
  </datafield>
  <datafield tag="952" ind1=" " ind2=" ">
    <subfield code="0">0</subfield>
    <subfield code="1">0</subfield>
    <subfield code="7">1</subfield>
    <subfield code="8">PD</subfield>
    <subfield code="a">PD</subfield>
    <subfield code="b">PD</subfield>
    <subfield code="c">HD</subfield>
    <subfield code="d">2011-04-13</subfield>
    <subfield code="i">LF1</subfield>
    <subfield code="l">0</subfield>
    <subfield code="o">346.729307 R426r | v. 1, e. 2</subfield>
    <subfield code="p">28504-20</subfield>
    <subfield code="r">2020-06-25</subfield>
    <subfield code="w">2020-06-25</subfield>
    <subfield code="y">LFPD</subfield>
    <subfield code="Z">No se presta</subfield>
  </datafield>
  <datafield tag="952" ind1=" " ind2=" ">
    <subfield code="0">0</subfield>
    <subfield code="1">0</subfield>
    <subfield code="7">1</subfield>
    <subfield code="8">PD</subfield>
    <subfield code="a">PD</subfield>
    <subfield code="b">PD</subfield>
    <subfield code="c">HD</subfield>
    <subfield code="d">2011-04-13</subfield>
    <subfield code="i">LF1</subfield>
    <subfield code="l">0</subfield>
    <subfield code="o">346.729307 R426r | v. 2</subfield>
    <subfield code="p">28504-30</subfield>
    <subfield code="r">2020-06-25</subfield>
    <subfield code="w">2020-06-25</subfield>
    <subfield code="y">LFPD</subfield>
    <subfield code="Z">No se presta</subfield>
  </datafield>
  <datafield tag="952" ind1=" " ind2=" ">
    <subfield code="0">0</subfield>
    <subfield code="1">0</subfield>
    <subfield code="7">1</subfield>
    <subfield code="8">PD</subfield>
    <subfield code="a">PD</subfield>
    <subfield code="b">PD</subfield>
    <subfield code="c">HD</subfield>
    <subfield code="d">2011-04-13</subfield>
    <subfield code="i">LF1</subfield>
    <subfield code="l">0</subfield>
    <subfield code="o">346.729307 R426r | v. 2, e. 2</subfield>
    <subfield code="p">28504-40</subfield>
    <subfield code="r">2020-06-25</subfield>
    <subfield code="w">2020-06-25</subfield>
    <subfield code="y">LFPD</subfield>
    <subfield code="Z">No se presta</subfield>
  </datafield>
  <datafield tag="952" ind1=" " ind2=" ">
    <subfield code="0">0</subfield>
    <subfield code="1">0</subfield>
    <subfield code="7">1</subfield>
    <subfield code="8">PD</subfield>
    <subfield code="a">PD</subfield>
    <subfield code="b">PD</subfield>
    <subfield code="c">HD</subfield>
    <subfield code="d">2011-04-13</subfield>
    <subfield code="i">LF1</subfield>
    <subfield code="l">0</subfield>
    <subfield code="o">346.729307 R426r | v. 3</subfield>
    <subfield code="p">28504-50</subfield>
    <subfield code="r">2020-06-25</subfield>
    <subfield code="w">2020-06-25</subfield>
    <subfield code="y">LFPD</subfield>
    <subfield code="Z">No se presta</subfield>
  </datafield>
  <datafield tag="952" ind1=" " ind2=" ">
    <subfield code="0">0</subfield>
    <subfield code="1">0</subfield>
    <subfield code="7">1</subfield>
    <subfield code="8">PD</subfield>
    <subfield code="a">PD</subfield>
    <subfield code="b">PD</subfield>
    <subfield code="c">HD</subfield>
    <subfield code="d">2011-04-13</subfield>
    <subfield code="i">LF1</subfield>
    <subfield code="l">0</subfield>
    <subfield code="o">346.729307 R426r | v. 3, e. 2</subfield>
    <subfield code="p">28504-60</subfield>
    <subfield code="r">2020-06-25</subfield>
    <subfield code="w">2020-06-25</subfield>
    <subfield code="y">LFPD</subfield>
    <subfield code="Z">No se presta</subfield>
  </datafield>
  <datafield tag="999" ind1=" " ind2=" ">
    <subfield code="c">27996</subfield>
    <subfield code="d">27996</subfield>
  </datafield>
</record>
